Managing for the future: the 1990s & beyond. (Record no. 96712)

MARC details
000 -LEADER
fixed length control field 00402nam a2200157Ia 4500
008 - FIXED-LENGTH DATA ELEMENTS--GENERAL INFORMATION
fixed length control field 210210b1992 xxu||||| |||| 00| 0 eng d
020 ## - INTERNATIONAL STANDARD BOOK NUMBER
International Standard Book Number 0 07 462087 8
082 ## - DEWEY DECIMAL CLASSIFICATION NUMBER
Classification number 658 DRUM
100 ## - MAIN ENTRY--PERSONAL NAME
Personal name DRUCKER (Peter F).
245 ## - TITLE STATEMENT
Title Managing for the future: the 1990s & beyond.
260 ## - PUBLICATION, DISTRIBUTION, ETC.
Place of publication, distribution, etc. Delhi.
Name of publisher, distributor, etc. T M H
Date of publication, distribution, etc. 1992
300 ## - PHYSICAL DESCRIPTION
Extent xiii,370
650 ## - SUBJECT ADDED ENTRY--TOPICAL TERM
Topical term or geographic name entry element Managing Future<br/><br/><br/><br/><br/>
690 ## - LOCAL SUBJECT ADDED ENTRY--TOPICAL TERM (OCLC, RLIN)
Topical term or geographic name as entry element Manageme
906 ## - LOCAL DATA ELEMENT F, LDF (RLIN)
a 0478
Holdings
Withdrawn status Lost status Damaged status Not for loan Collection code Home library Current library Shelving location Date acquired Cost, normal purchase price Total Checkouts Full call number Barcode Date last seen Price effective from Koha item type
          St Aloysius Library St Aloysius Library   02/17/2021 3090.00   658 DRUM 047830 02/17/2021 02/17/2021 Book